000 00505nam a2200193Ia 4500
005 20260429112033.0
008 260429s9999||||xx |||||||||||||| ||und||
020 _a9781804895979
041 _aEnglish
082 _a515
_bHOL
100 _aHolt, Maria
245 0 _aBasic calculus /
_cMaria Holt
260 _aUnited Kingdom :
_bBrilliant Publication Ltd. ,
_c2026.
300 _aix, 278 p.; hb
650 _a Differential calculus
650 _a Mathematics
650 _aCalculus
942 _cTB
999 _c52019
_d52019